00573nam a2200181Ia 4500003000200000005001700002008004100019020001400060100001700074245007200091250001100163260003700174300001800211650001300229942001200242999001900254952011800273020260122104146.0180309s9999 xx 000 0 und d a789714051 aGrimes Galen cBolton, Ricka10 minutes guide to the internet and world wibe web / a3rd ed aUSA :bNational Bookstoresc1997 aiv, 185 pages aInternet 2lcccBK c356118d356118 001040aCLbCLcGCd2018-03-13eDonationl0oTK 5105.875 .G862 1997pc21351r2018-05-15 00:00:00w2018-03-13yBK